Capitales de América por país excepto antillas menores - Estadísticas

Estadísticas generales
  • Esta prueba ha sido intentada 82 veces
  • La puntuación promedio es 22 de 27
Estadísticas de respuestas
Paises Capitales % Correcto
Perú Lima
93%
Uruguay Montevideo
93%
Chile Santiago de Chile
93%
Estados Unidos Washington D. C.
93%
Colombia Bogotá
92%
Venezuela Caracas
92%
Cuba La Habana
92%
Brasil Brasilia
90%
México Ciudad de México
90%
Ecuador Quito
90%
Argentina Ciudad Autónoma de Buenos Aires
88%
Paraguay Asunción
85%
Guatemala Ciudad de Guatemala
85%
Bolivia La Paz y Sucre
85%
Nicaragua Managua
85%
Canadá Ottawa
85%
El Salvador San Salvador
83%
Costa Rica San José
82%
República Dominicana Santo Domingo
80%
Honduras Tegucigalpa
80%
Panamá Ciudad de Panamá
73%
Jamaica Kingston
72%
Haití Puerto Príncipe
72%
Belice Belmopán
62%
Guyana Georgetown
57%
Surinam Paramaribo
57%
Bahamas Nasáu
55%
No se encontraron pruebas coincidentes
Distribución de puntuación
Porcentaje de gente con cada puntuación
Porcentaje por número respondido
Historial de tus puntuaciones
No has intentado esta prueba.